000 00883nam a22002175i 4500
001 164063
003 ES-MaACL
005 20250915063101.0
008 021008s1896 sp |||| | cat d
040 _aCAM
_bspa
_cCAM
100 1 _aRovira y Serra, Manuel,
_d1865-1929
_9132129
245 1 1 _a¡Trampas¡
_b: comedia en tres actes y en vers /
_coriginal de Manel Rovira y Serra.
260 _aBarcelona :
_b[s.n.],
_c1896 (
_fFrancisco Badia impresor)
300 _a135 p. ;
_c21 cm.
490 1 _aBiblioteca de l'Aureneta
500 _aEn port. : "Estrenat en lo Teatro Romea la vetlla del 14 de Janer de 1896"
598 _aSerie tomada de la contracub.
830 0 _aBiblioteca de l'Aureneta
_9222329
852 _aES-MaACL
_jG-3518(6)
_z-- Enc. tela roja con hierros dorados, falto de la enc. original
_z-- Enc. en un vol. facticio
999 _c164063
_d164063